000 00649nam a2200229Ia 4500
003 OSt
005 20220924115943.0
006 a|||||r|||| 00| 0
007 ta
008 220923b |||||||| |||| 00| 0 urd d
024 _a323371
037 _cTextual
040 _aARTS
_cARTS
_burd
041 _2urd
_aurd
082 _aV5925.N53, 168J5
100 _aAthar Parvez Au.
_9180230
245 0 _aNaya Czechoslovakia
260 _aDelhi
_bIndian literature society India
_c1955
650 _aCZECHOSLOVAKIA - HISTORY
_9180231
942 _hV5925.N53, 168J5
_cTEXL
_2CC
999 _c400629
_d400629